000 00542nam a2200217Ia 4500
003 OSt
005 20220928140907.0
006 a|||||r|||| 00| 0
007 ta
008 220927b |||||||| |||| 00| 0 eng d
024 _a12367
037 _cTextual
040 _aSDCL
_cSDCL
_beng
041 _2eng
_aeng
082 _aO-,3M98x, N8
100 _aSmith Paul
_9459119
245 0 _aNew essays on hemingways short fiction.
260 _c1998
942 _hO-,3M98x, N8
_cTEXL
_2CC
999 _c814776
_d814776